| 000 | 01376nam a2200361Ia 4500 | ||
|---|---|---|---|
| 001 | ebr10567171 | ||
| 003 | CaPaEBR | ||
| 006 | m u | ||
| 007 | cr cn||||||||| | ||
| 008 | 060907s2007 cau sb 001 0 eng d | ||
| 010 | _z 2006928778 | ||
| 020 | _z9781412919692 | ||
| 020 | _z9781412919708 | ||
| 020 | _z9781446264591 | ||
| 040 |
_aCaPaEBR _cCaPaEBR |
||
| 035 | _a(OCoLC)797831780 | ||
| 050 | 1 | 4 |
_aHF5415.1263 _b.B74 2007eb |
| 100 | 1 |
_aBrennan, Ross, _d1957- |
|
| 245 | 1 | 0 |
_aBusiness-to-business marketing _h[electronic resource] / _cRoss Brennan, Louise Canning, Raymond McDowell. |
| 260 |
_aLos Angeles ; _aLondon : _bSAGE, _c2007. |
||
| 300 | _axix, 359 p. | ||
| 490 | 1 | _aAdvanced marketing series | |
| 504 | _aIncludes bibliographical references and index. | ||
| 533 |
_aElectronic reproduction. _bPalo Alto, Calif. : _cebrary, _d2011. _nAvailable via World Wide Web. _nAccess may be limited to ebrary affiliated libraries. |
||
| 650 | 0 | _aIndustrial marketing. | |
| 650 | 0 |
_aIndustrial marketing _vCase studies. |
|
| 655 | 7 |
_aElectronic books. _2local |
|
| 700 | 1 | _aCanning, Louise. | |
| 700 | 1 | _aMcDowell, Raymond. | |
| 710 | 2 | _aebrary, Inc. | |
| 830 | 0 | _aAdvanced marketing series (Los Angeles, Calif.) | |
| 856 | 4 | 0 |
_uhttp://site.ebrary.com/lib/rucke/Doc?id=10567171 _zAn electronic book accessible through the World Wide Web; click to view |
| 999 |
_c93259 _d93259 |
||